New Labor Forum

Detalles Bibliográficos
Formato: Revista
Lenguaje:inglés
Publicado: New York : The City University of New York on behalf of the Murphy Institute for Worker Education and Labor Studies, 1992-
Materias:
Acceso en línea:http://www.vlex.com/source/7227

MARC

LEADER 00000nas a22000007a 4500
005 20130315084544.0
007 cr|||| ||||
008 130315c19929999xxu r|p s|||| 0|||a1eng d
022 |a 10957960  
035 |a 7227 
040 |a vLex 
090 |c 3920  |d 3920 
245 0 0 |a New Labor Forum  |h [Recurso electrn̤ico]  
256 |a Servicio en ln̕ea 
260 |a New York :  |b The City University of New York on behalf of the Murphy Institute for Worker Education and Labor Studies,  |c 1992- 
300 |a 1 Recurso electrn̤ico 
506 |d vLex Global  |d vLex Global (Academic Edition, excluding Law Schools)  |d vLex Global (U.S. Academic Edition, Law Schools)  |d vLex Global (U.S. Academic Edition, excluding Law Schools)  |d vLex Global (Academic Edition, Law Schools) 
650 0 4 |a Derecho laboral y Seguridad Social 
740 |a vLex Revistas (Servicio en ln̕ea) 
856 |a Acceso restringido  |u http://www.vlex.com/source/7227 
942 |c REV 
999 0 |a Labor law and legislation